Statistics for Top Peruvian Dishes

Click here to take the quiz!

General Stats

  • This quiz has been taken 8 times
  • The average score is 6 of 9

Answer Stats

Answer% Correct
Ceviche
100%
Lomo Saltado
100%
Anticuchos
83%
Aji de Gallina
67%
Arroz Chaufa
67%
Causa Limeña
67%
Pachamanca
67%
Picarones
50%
Suspiro a la Limeña
33%

Score Distribution

Percentile by Number Answered

Percent of People with Each Score

Your Score History

You have not taken this quiz